Marvel - Quiz spécial multivers - Statistiques

Statistiques générales
  • Ce quiz a été pris 304 fois
  • Le résultat moyen est 5 sur 12
Statistiques - réponses
Description Réponse % Correct
Qui sera le grand ennemi des Avengers dans le multivers du MCU ? Kang le Conquérant
80%
Sur quelle Terre se déroule les évènements principaux de l'univers Marvel ? Terre 616
73%
Bonus : Qui est Peter 2 dans Spider-Man: No Way Home (nom de l'acteur) ? Tobey Maguire
55%
Qui est le grand antagoniste de l'event Secret Wars de 2015 ? Docteur Fatalis
47%
Quelle est l'identité du Spider-Man du futur, également leader de laSpider-Society dans le film Across The Spider-Verse ? Miguel O'Hara
45%
Dans cet event, comment se nomme le groupe, composé par Reed Richards, Iron Man, Black Bolt, Namor, Black Panther, Docteur Strange et le Fauve, qui essaye d'empêcher discrètement la Terre d'être annihilée ? Les Illuminatis
42%
Quel phénomène, introduit dans le film Multiverse of Madness, consiste à la collision de deux Terres qui menacent de s'annihiler l'une et l'autre si aucune des deux n'est détruite avant le moment fatidique ? Une Incursion
31%
Comment s'appelle l'évènement qui arrive inévitablement à chaquespider-héros dans les films Spider-Verse ? (nom VO ou VF acceptés) Evènement Canva / Canon Events
29%
Qui est le grand antagoniste de l'event Secret Wars de 1984 ? Le Beyonder
17%
Comment se nomme le patchwork de différentes Terres, créé à la suite de cesguerres secrètes qui consistait à sauver un maximum de morceau du multivers d'une inévitable annihilation ? Battleworld
16%
Qui est l'antagoniste qui cherche à chasser tous les Spider-Héros duSpiderverse ? Morlun
15%
Qui en est l'auteur ? Jonathan Hickman
7%
Aucun quiz correspondant
Distribution des résultats
% des personnes avec chaque résultat
Percentile par nombre de réponses
Votre historique - résultats
Vous n’avez pas pris ce quiz